Formula one drivers line-up 2011 - Statistics

General Stats
  • This quiz has been taken 127 times
  • The average score is 23 of 28
Answer Stats
Constructor Rounds Driver Nationality % Correct
Red Bull All Sebastian Vettel Germany
97%
Red Bull All Mark Webber Australia
92%
Ferrari All Fernando Alonso Spain
91%
Mclaren All Jenson Button UK
91%
Mclaren All Lewis Hamilton UK
91%
Ferrari All Felipe Massa Brazil
90%
Mercedes All Nico Rosberg Germany
88%
Mercedes All Michael Schumacher Germany
87%
Sauber All* Sergio Pérez Mexico
86%
Williams All Pastor Maldonado Venezuela
83%
Williams All Rubens Barrichello Brazil
83%
Force India All Adrian Sutil Germany
82%
Renault 12-19 Bruno Senna Brazil
82%
HRT 9-19 Daniel Ricciardo Australia
81%
Toro Rosso All Sébastien Buemi Switzerland
81%
Renault All Vitaly Petrov Russia
81%
Lotus All Heikki Kovalainen Finland
79%
Lotus 1-9, 11-19 Jarno Trulli Italy
79%
Sauber All Kamui Kobayashi Japan
78%
HRT 1-8, 17 Narain Karthikeyan India
78%
Renault 1-11 Nick Heidfeld Germany
77%
Sauber 7 Pedro de la Rosa Spain
77%
Toro Rosso All Jaime Alguersuari Spain
76%
Force India All Paul di Resta UK
74%
Virgin All Timo Glock Germany
74%
Lotus 10 Karun Chandhok India
71%
HRT 1-16, 18-19 Vitantonio Liuzzi Italy
71%
Virgin All Jérôme d'Ambrosio Belgium
68%
No matching quizzes found
Score Distribution
Percent of People with Each Score
Percentile by Number Answered
Your Score History
You have not taken this quiz